Statistics for FIFA 20 - Colombian Player Names

Click here to take the quiz!

General Stats

  • This quiz has been taken 104 times
  • The average score is 6 of 12

Answer Stats

SurnameName% Correct
RodríguezJames
100%
MurielLuis
88%
DiazLuis
78%
MinaYerry
67%
ZapataDuvan
63%
FalcaoRadamel
63%
OspinaDavid
57%
FabraFrank
57%
ValderramaCarlos
45%
MartínezJackson
44%
HiguitaRené
44%
UribeMateus
43%
CardonaEdwin
40%
LermaJefferson
40%
AriasSantiago
40%
SánchezDavinson
38%
BorjaMiguel
38%
BaccaCarlos
33%
BarreraJarlan
33%
CordobaJhon
33%
MorelosAlfredo
30%
EspinozaBernardo
29%
MurilloJeison
17%
IzquierdoJosé
17%
HernándezJuan Camilo
0%

Score Distribution

Percentile by Number Answered

Percent of People with Each Score

Your Score History

You have not taken this quiz